【C4】圏央道と交差する鉄道路線 - Statistics

General Stats
  • This quiz has been taken 196 times
    191 since last reset
  • The average score is 24 of 28
Answer Stats
路線 交差区間 % Correct
JR横須賀線 戸塚〜大船
98%
JR東海道本線 戸塚〜大船
98%
JR中央本線 高尾〜相模湖
97%
JR常磐線 牛久〜ひたち野うしく
93%
JR外房線 士気〜大網
91%
JR総武本線 日向〜成東
90%
小田急小田原線 厚木〜本厚木
89%
JR東北本線(宇都宮線) 新白岡〜久喜
89%
JR成田線 滑河〜下総神崎
89%
JR高崎線 桶川〜北本
88%
東海道新幹線 新横浜〜小田原
87%
東武伊勢崎線 和戸〜久喜
86%
JR八高線 箱根ケ崎〜金子
86%
東北新幹線 大宮〜小山
85%
つくばエクスプレス みどりの〜万博記念公園
84%
東武東上線 鶴ケ島〜若葉
83%
JR相模線 香川〜北茅ヶ崎倉見〜宮山
83%
西武池袋線 入間市〜仏子
82%
JR久留里線 馬来田〜下郡
81%
JR青梅線 小作〜河辺
80%
東武日光線 杉戸高野台〜幸手
78%
JR(京浜東北・)根岸線 本郷台〜大船
76%
JR五日市線 秋川~武蔵引田
76%
JR川越線 笹幡〜武蔵高萩
76%
上越新幹線 大宮〜熊谷
75%
小田急江ノ島線 善行〜藤沢本町
73%
関東鉄道常総線 三妻〜南石下
73%
小湊鐵道線 上総久保〜高滝
67%
No matching quizzes found
Score Distribution
Percent of People with Each Score
Percentile by Number Answered
Your Score History
You have not taken this quiz since the last reset